000 00547nam a2200181Ia 4500
005 20250326130058.0
008 250326s9999 xx 000 0 und d
037 _aTextbook
040 _aFMSL
_beng
_cFMSL
041 _aeng
_2eng
084 _aL L4
_qFMSL
100 _aAssociation OF Commonwealth University
_9350060
245 0 _aCommon wealth university year book 1974
_cAssociation OF Commonwealth University
260 _aNew Delhi
_bNew Delhi, ACWU
_c1974
300 _a2363p
942 _cTB
_hL L4
999 _c1280822
_d1280822